000 00589nam a2200193Ia 4500
003 GCL
008 140319s9999 xx 000 0 ara d
040 _aGCL /
_cGCL
082 0 4 _a811.009
_bع م
100 1 _aعبدالله التطاوى
245 1 0 _aالمعارضة الشعرية بين التقليد والابداع /
_cعبدالله التطاوى
300 _a343 ص
490 _a
650 0 4 _aالادب العربى
650 0 4 _aالعصر الحديث
650 0 4 _aالشعر العربى - تاريخ ونقد
650 0 4 _aالائتمان
942 _2ddc
_cBK
999 _c39673
_d39673